000 00890nam a22003257a 4500
001 BR0503260
003 BR-BrBNA
005 20230928101939.0
007 ta
008 230509b bl.||||| |||| 00| 0 por d
040 _aBR-BrBNA
_bpor
_cBiblioteca Nacional de Agricultura
041 _a(Por)
072 _aQ03; Q04
_b9410
090 _ 9410 BR0503260
100 1 _aPlucinski, G.
100 1 _aKreutz, P.
100 1 _aCordazzo, R.
100 1 _aCeluppi, A.
100 1 _aFavere, R. de(coords.)
245 1 _aOrientações técnicas para obter leite com qualidade
_bForum Sul do Leite da Agricultura Familiar
260 3 _anp.:
_c2004.
300 _a20 p.
500 _a15 illus.
650 _aLEITE
650 _aCONTROLE DE QUALIDADE
650 _aCLASSIFICAÇÃO DE PRODUTO
650 _aHIGIENE DE ALIMENTO
909 _a202309
_bLucia
_c55
_dLucia Elande
942 _cBK
999 _c68365
_d68365